| 000 | 01196nam a2200313 i 4500 | ||
|---|---|---|---|
| 003 | OSt | ||
| 005 | 20240915111937.0 | ||
| 008 | 240909t20242024my ao b 000 0dmay d | ||
| 020 |
_a9789674609900 _cRM25.00 _qpaperback |
||
| 040 |
_aPPAK _beng _cPPAK _erda |
||
| 041 | 1 |
_amay _heng |
|
| 082 | 0 | 4 |
_223 _a751.426 |
| 090 | 0 | 0 |
_a751.426 _bBOL _dK |
| 100 | 1 |
_aBolte, Mari, _eauthor. |
|
| 245 | 1 | 0 |
_aMARI MELUKIS : _bakrilik / _cOleh: Mari Bolte ; Ilustrasi oleh: D. C. Ice ; Penterjemah: Nor Azlin Hamidon |
| 246 | 3 | 3 |
_iTranslations of: _aPaint It : _bAcrylics |
| 264 | 1 |
_aKuala Lumpur : _bINSTITUT TERJEMAHAN & BUKU MALAYSIA BERHAD, _c[2024?] |
|
| 264 | 4 | _c©2024 | |
| 300 |
_a32 pages : _bcolour illustrations, colour photographs ; _c26 cm |
||
| 336 |
_atext _2rdacontent |
||
| 337 |
_aunmediated _2rdamedia |
||
| 338 |
_avolume _2rdacarrier |
||
| 500 | _aOriginally published by Capstone Press, 1710 Roe Crest Drive, North Mankota, Minnesota. | ||
| 650 | 1 | 0 |
_aAcrylic painting _xTechnique _vJuvenile literature |
| 650 | 2 | 0 |
_aPainting _xTechnique _vJuvenile literature |
| 700 | 1 |
_aIce, D., C., _eillustrator. |
|
| 700 | 0 |
_aNor Azlin Hamidon, _etranslator. |
|
| 942 |
_2ddc _cB |
||
| 999 |
_c196923 _d196923 |
||